| 000 | 00859nam a2200241 a 4500 | ||
|---|---|---|---|
| 001 | BRCA_5647 | ||
| 005 | 20190320205151.0 | ||
| 008 | 180211s1998----mx-abe####---#000-0#spa-# | ||
| 020 | _a9682952247 | ||
| 041 | _aspa | ||
| 044 | _amx | ||
| 050 | 4 |
_aNA8206.T5 _b.T47 1998 |
|
| 100 | 1 |
_aTerán Bonilla, José Antonio _9966 |
|
| 245 | 1 | 0 |
_aLa construcción de las haciendas de Tlaxcala _cJosé Antonio Terán Bonilla. |
| 260 |
_aMéxico _bINAH _creimp. 1998 |
||
| 300 |
_a396 p. _bil., mapas _c26 cm. |
||
| 440 | 0 |
_aSerie Historia _pColección Científica _v311 _914362 |
|
| 500 | _aIncluye abreviaturas para el glosario de términos arquitectónicos y glosario de terminos arquitectónicos | ||
| 504 | _aBibliografía: p. 379-386 | ||
| 650 | 1 | 4 |
_aHaciendas _zTlaxcala (México) _914363 |
| 650 | 1 | 4 |
_aGranja edificios _zTlaxcala (México) _914364 |
| 942 |
_2lcc _cB |
||
| 999 |
_c5341 _d5341 |
||